Nghiên cứu các yếu tố ảnh hưởng đến lợi nhuận của ngân hàng thương mại Việt Nam /

সংরক্ষণ করুন:
গ্রন্থ-পঞ্জীর বিবরন
প্রধান লেখক: Tôn Thất Viên.
বিন্যাস: প্রবন্ধ
ভাষা:Vietnamese
বিষয়গুলি:
ট্যাগগুলো: ট্যাগ যুক্ত করুন
কোনো ট্যাগ নেই, প্রথমজন হিসাবে ট্যাগ করুন!
Thư viện lưu trữ: Thư viện Trường Đại học Đà Lạt
LEADER 00713nam a2200253 4500
001 DLU190192864
005 ##20191014
040 # # |a DLU  |b vie 
041 # # |a vie 
044 # # |a vn 
100 # # |a Tôn Thất Viên. 
245 # # |a Nghiên cứu các yếu tố ảnh hưởng đến lợi nhuận của ngân hàng thương mại Việt Nam /  |c Tôn Thất Viên. 
653 # # |a Lợi nhuận 
653 # # |a Ngân hàng thương mại 
653 # # |a Quản trị rủi ro 
773 # # |t Kinh tế và phát triển  |g Số 252, 2018, tr. 39-46 
994 # # |a DLU 
900 # # |a True 
911 # # |a Hoàng Thị Huyền 
925 # # |a G 
926 # # |a A 
927 # # |a BB 
980 # # |a Thư viện Trường Đại học Đà Lạt